WOOD WORKING : THE COMPLETE STEP-BY STEB MANUAL TOOL/TECHNIQUES/WOODS/ PROJECTS (Record no. 33727)
[ view plain ]
| 000 -LEADER | |
|---|---|
| fixed length control field | 00458nam a22001697a 4500 |
| 003 - CONTROL NUMBER IDENTIFIER | |
| control field | JO-AjAnu |
| 005 - DATE AND TIME OF LATEST TRANSACTION | |
| control field | 20250310130752.0 |
| 008 - FIXED-LENGTH DATA ELEMENTS--GENERAL INFORMATION | |
| fixed length control field | 241016b jo ||||| |||| 00| 0 ara d |
| 040 ## - CATALOGING SOURCE | |
| Transcribing agency | JO-AjAnu |
| 041 ## - LANGUAGE CODE | |
| Language code of text/sound track or separate title | ENG |
| 245 #1 - TITLE STATEMENT | |
| Title | WOOD WORKING : THE COMPLETE STEP-BY STEB MANUAL TOOL/TECHNIQUES/WOODS/ PROJECTS |
| 250 ## - EDITION STATEMENT | |
| Edition statement | FIRST EDITION |
| 260 ## - PUBLICATION, DISTRIBUTION, ETC. | |
| Place of publication, distribution, etc. | LONDON: |
| Name of publisher, distributor, etc. | HONOYR، |
| Date of publication, distribution, etc. | 2024 |
| 300 ## - PHYSICAL DESCRIPTION | |
| Extent | pages : 399 |
| 650 70 - SUBJECT ADDED ENTRY--TOPICAL TERM | |
| Topical term or geographic name entry element | DESIGNS |
| 9 (RLIN) | 66246 |
| 942 ## - ADDED ENTRY ELEMENTS (KOHA) | |
| Source of classification or shelving scheme | Library of Congress Classification |
| Koha item type | Books |
| Suppress in OPAC | No |
| Withdrawn status | Lost status | Source of classification or shelving scheme | Damaged status | Not for loan | Home library | Current library | Date acquired | Total Checkouts | Full call number | Barcode | Date last seen | Price effective from | Koha item type |
|---|---|---|---|---|---|---|---|---|---|---|---|---|---|
| Library of Congress Classification | مكتبة جامعة عجلون الوطنية | مكتبة جامعة عجلون الوطنية | 16/10/2024 | TT185 2024 | E3925 | 16/10/2024 | 16/10/2024 | Books |